Implementación de herramienta de apoyo a la creación de la capa de acceso a datos DAL, Data Access Layer, en el desarrollo de aplicaciones orientadas a objetos con arquitectura multicapa.

Presenta el proceso de elaboración de la reingeniería del sistema de información de bancos de proyectos del Sistema Nacional de Inversiones Públicas, registro único oficial de la inversión pública de la Republica de Nicaragua, a través del diseño, aplicación e implementación de una herram...

Full description

Bibliographic Details
Main Authors: Luna Valle, María Verónica, Altamirano Briceño, Yahaira Andrea
Other Authors: Tutor: Díaz Chow, José Leónidas
Format: Tesis Section = Libro
Language:Undetermined
Spanish
Published: Managua UNI 2013
Subjects:
LEADER 01476nam a2200277Ia 4500
008 240830s9999 xx 000 0 und d
040 |a BIBLIOTECA-RUSB/ Mon 005.1 L961 
041 |a spa 
082 |a Mon 005.1 L961 
100 1 |a Luna Valle, María Verónica  
100 1 |b Altamirano Briceño, Yahaira Andrea 
245 1 0 |a Implementación de herramienta de apoyo a la creación de la capa de acceso a datos DAL, Data Access Layer, en el desarrollo de aplicaciones orientadas a objetos con arquitectura multicapa. 
260 |a Managua  |b UNI  |c 2013 
300 |a 94 p. :il. 
500 |a Contiene: anexos e Incluye: CD. 
502 |a Tesis (Ingeniero en Computación) - UNI, 2013. 
520 3 |a Presenta el proceso de elaboración de la reingeniería del sistema de información de bancos de proyectos del Sistema Nacional de Inversiones Públicas, registro único oficial de la inversión pública de la Republica de Nicaragua, a través del diseño, aplicación e implementación de una herramienta software de apoyo a la creación de las clases de la capa de accesos a datos para aplicaciones orientadas a objetos con arquitectura multicapa. 
650 7 |a PROGRAMACION 
650 7 |b  LENGUAJE DE PROGRAMACION Y CODIFICACION 
650 7 |c  PROGRAMACION ORIENTADA A OBJETOS 
650 7 |d  DISEÑO DE SISTEMAS INFORMATICOS 
650 7 |e  FRAMEWORK 
700 1 |a Tutor:  |b Díaz Chow, José Leónidas 
942 |c BK  |2 ddc 
991 |a TESIS 
999 |c 19684